| 000 | 01003nam a2200289 i 4500 | ||
|---|---|---|---|
| 001 | 000017283 | ||
| 003 | DO-SdBNP | ||
| 005 | 20240530073918.0 | ||
| 008 | 100322s19uu sp r 000 f spa d | ||
| 040 |
_aDO-SdBNP _bspa _cBNPHU _erda |
||
| 082 | 4 |
_aRD863.44 _bA669p _222 |
|
| 100 | 1 |
_aArchambault, Pedro M., _q(Pedro María) _eautor _92398 |
|
| 245 | 1 | 0 |
_aPinares adentro / _cPedro M. Archambault ; prólogo, Américo Lugo. |
| 264 |
_aBarcelona : _bMaucci, _c19u?. |
||
| 300 |
_a254 páginas ; _c19 cm. |
||
| 336 |
_2rdacontent _atexto _btxt |
||
| 337 |
_2rdamedia _asin mediación _bn |
||
| 338 |
_2rdacarrier _avolumen _bnc |
||
| 500 | _aIncluye notas al pie de las páginas. | ||
| 590 | _aInventariado, 2024/BT | ||
| 590 | _aLa biblioteca posee 1 ejemplar autográfiado por el autor. | ||
| 650 | 0 |
_aNovela dominicana _9223 |
|
| 650 | 0 |
_aLiteratura dominicana. _967 |
|
| 700 | 1 |
_aLugo, Américo _d1870-1952 _eprólogo _981550 |
|
| 910 | _aValidado. Control de calidad. MMOLINA | ||
| 942 |
_2ddc _cLBS1 |
||
| 999 |
_c16808 _d16808 |
||